| 000 | 00695nam a2200205 a 4500 | ||
|---|---|---|---|
| 001 | 000012808 | ||
| 005 | 20240412074235.0 | ||
| 008 | 091117s1999 dr 000 f spa d | ||
| 040 |
_aDO-SdBNP _bspa _cBNPHU |
||
| 082 |
_aRD863.44 _bM828d |
||
| 100 | 1 |
_aMorales, J. Rolando _929616 |
|
| 245 | 1 | 0 |
_aDesdeñosa y amarillenta : _bhistoria de una vida acuartelada / _cJ. Rolando Morales. |
| 260 |
_aSanto Domingo : _bBúho, _c1999. |
||
| 300 |
_a66 p. ; _c21 cm. |
||
| 500 | _aIncluye datos biográficos del autor en la contracubierta | ||
| 590 | _aInventariado, 2020/BT | ||
| 650 | 4 |
_aCuento dominicano _926903 |
|
| 650 | 0 |
_aLiteratura dominicana. _967 |
|
| 910 | _aValidado. Control de calidad MFF | ||
| 999 |
_c12458 _d12458 |
||